Top Goalscorers under Pep Guardiola - Statistics

General Stats
  • This quiz has been taken 384 times
    308 since last reset
  • The average score is 8 of 12
Answer Stats
Answer % Correct
Lionel Messi
98%
Sergio Agüero
95%
Robert Lewandowski
88%
Thomas Müller
79%
Raheem Sterling
78%
Arjen Robben
73%
Pedro
73%
Samuel Eto’o
64%
Gabriel Jesus
61%
Xavi
59%
Leroy Sané
52%
Mario Götze
18%
No matching quizzes found
Score Distribution
Percent of People with Each Score
Percentile by Number Answered
Your Score History
You have not taken this quiz since the last reset